[Event "AUT-ch U16"]
[Site "Marz"]
[Date "2013.03.24"]
[Round "1"]
[White "Weisgram, Christian"]
[Black "Dragnev, Valentin"]
[Result "0-1"]
[WhiteElo "1510"]
[BlackElo "1890"]
[PlyCount "70"]
[EventDate "2013.03.24"]
[EventType "swiss"]
[EventRounds "7"]
[EventCountry "AUT"]
[SourceTitle "CBM 153 Extra"]
[Source "ChessBase"]
[SourceDate "2013.04.22"]
[SourceVersion "1"]
[SourceVersionDate "2013.04.22"]
[SourceQuality "1"]

1. d4 Nf6 2. c4 c5 3. d5 b5 4. cxb5 a6 5. b6 d6 6. Nc3 Nbd7 7. g3 g6 8. Bg2 Bg7 9. e4 0-0 10. Nge2 Rb8 11. 0-0 Rxb6 12. Rb1 a5 13. Qc2 Ba6 14. h3 Qb8 15. Rd1 Rc8 16. f4 Ne8 17. Kh1 Nc7 18. Rd2 Nb5 19. Nxb5 Rxb5 20. h4 Nb6 21. Nc3 Rb4 22. Rf2 Bd4 23. Rf3 a4 24. b3 axb3 25. Rxb3 Rxb3 26. Qxb3 Bc4 27. Qc2 Qa7 28. a3 Rb8 29. Ne2 Bg7 30. Bf1 Qa6 31. Kg2 Bb5 32. Nc3 Bxf1+ 33. Rxf1 Bxc3 34. Qxc3 Qe2+ 35. Rf2 Qxe4+ 0-1